000 00290nam a22001337a 4500
008 180926b xxu||||| |||| 00| 0 eng d
020 _a9780072558357
041 _aeng
080 _217th
_a316
100 _a50
101 _aSOC
245 _aSexuality Today
_cKelly,G.F
942 _2udc
_cBK
999 _c48469
_d48469